El papel del administrador en las sociedades anónimas modernas (Registro nro. 11359)

Detalles MARC
000 -LEADER
fixed length control field 00323 a2200109 4500
001 - CONTROL NUMBER
control field ART_6247
005 - DATE AND TIME OF LATEST TRANSACTION
control field 20260410161619.0
008 - FIXED-LENGTH DATA ELEMENTS--GENERAL INFORMATION
fixed length control field 260409a
100 1# - MAIN ENTRY--PERSONAL NAME
Personal name Piaggi, Ana I.
245 10 - TITLE STATEMENT
Title El papel del administrador en las sociedades anónimas modernas
773 0# - HOST ITEM ENTRY
Title Enfoques
Related parts - Nº 9 (sep. 2008)
Record control number REV416

No hay ítems disponibles.